Complétez le titre des pièces de théâtre - Clic Quiz - Statistiques

Statistiques générales
  • Ce quiz a été pris 45 165 fois
  • Le résultat moyen est 14 sur 20
Statistiques - réponses
Hint Réponse % Correct
Le Malade __ Imaginaire
95%
Le Père Noël est une __ Ordure
95%
Les __ de Scapin Fourberies
90%
Le Bourgeois __ Gentilhomme
88%
Le __ malgré lui Médecin
77%
L'illusion __ Comique
76%
La __ au petit chien Dame
76%
Les Femmes __ Savantes
76%
La Cage aux __ Folles
75%
L'École des __ Femmes
72%
Le __ de Séville Barbier
71%
La Cantatrice __ Chauve
68%
Le __ de Figaro Mariage
67%
Œdipe __ Roi
65%
Une Maison de __ Poupée
63%
Les __ ridicules Précieuses
56%
Le __ de Venise Marchand
55%
Les Trois __ Sœurs
53%
Le Festin de __ Pierre
47%
Les __ magnifiques Amants
45%
Aucun quiz correspondant
Distribution des résultats
% des personnes avec chaque résultat
Percentile par nombre de réponses
Votre historique - résultats
Vous n’avez pas pris ce quiz